Puss in boots. (Record no. 103484)
[ view plain ]
| 000 -LEADER | |
|---|---|
| fixed length control field | 00322nam a2200133 a 4500 |
| 005 - DATE AND TIME OF LATEST TRANSACTION | |
| control field | 20140412111302.0 |
| 008 - FIXED-LENGTH DATA ELEMENTS--GENERAL INFORMATION | |
| fixed length control field | 001116s19uu xx 00 eng d |
| 020 ## - INTERNATIONAL STANDARD BOOK NUMBER | |
| International Standard Book Number | 1-56987-100-0 |
| 050 ## - LIBRARY OF CONGRESS CALL NUMBER | |
| Classification number | ER |
| Item number | Pu96 1993 |
| 245 ## - TITLE STATEMENT | |
| Title | Puss in boots. |
| 300 ## - PHYSICAL DESCRIPTION | |
| Extent | 1 v. (unp.) ; ill. ; col. |
| 650 ## - SUBJECT ADDED ENTRY--TOPICAL TERM | |
| Topical term or geographic name as entry element | Fairy tales |
| Withdrawn status | Lost status | Damaged status | Use restrictions | Home library | Current library | Shelving location | Date acquired | Source of acquisition | Total Checkouts | Full call number | Barcode | Date last seen | Price effective from | Koha item type |
|---|---|---|---|---|---|---|---|---|---|---|---|---|---|---|
| Elizalde Library | Elizalde Library | Easy Reading Section | 11/16/2000 | ER Pu96 1993 | E5002 | 04/12/2014 | 04/12/2014 | Books |